Management Controls in Marketing. (Record no. 144)

MARC details
005 - DATE AND TIME OF LATEST TRANSACTION
control field 20250616171650.0
020 ## - INTERNATIONAL STANDARD BOOK NUMBER
International Standard Book Number 434 92265 x
082 ## - DEWEY DECIMAL CLASSIFICATION NUMBER
Classification number 658.8 WIL
100 ## - MAIN ENTRY--PERSONAL NAME
Author name WILSON, R. M. S.
245 ## - TITLE STATEMENT
Title Management Controls in Marketing.
260 ## - PUBLICATION, DISTRIBUTION, ETC.
Place of publication, distribution, etc. London,
Name of publisher, distributor, etc. Heinemann,
Date of publication, distribution, etc. 1973.
300 ## - PHYSICAL DESCRIPTION
Extent Xvii, 216p.: ill.; figure, table,
Other physical details index,
Dimensions 23cm.
942 ## - ADDED ENTRY ELEMENTS (KOHA)
Source of classification or shelving scheme Dewey Decimal Classification
Koha item type Books
Holdings
Date last seen Total checkouts Full call number Barcode Cost, replacement price Price effective from Koha item type Lost status Source of classification or shelving scheme Damaged status Not for loan Withdrawn status Home library Current library Shelving location Date acquired Cost, normal purchase price
03/06/2025   658.8 WIL 000000705 162000.00 03/06/2025 Books   Dewey Decimal Classification       College of Business Education Main Library College of Business Education Main Library General Collection 03/06/2025 54000.00
03/06/2025   658.8 WIL 000000706 162000.00 03/06/2025 Books   Dewey Decimal Classification       College of Business Education Main Library College of Business Education Main Library General Collection 03/06/2025 54000.00
03/06/2025   658.8 WIL 000000707 162000.00 03/06/2025 Books   Dewey Decimal Classification       College of Business Education Main Library College of Business Education Main Library General Collection 03/06/2025 54000.00
03/06/2025   658.8 WIL 000000708 16200.00 03/06/2025 Books   Dewey Decimal Classification       College of Business Education Main Library College of Business Education Main Library General Collection 03/06/2025 5400.00